Gaming Quiz

Random Gaming or Color Quiz
Score 0/8 Timer 01:00
5 Plays Today
% Correct
Dark blue
88.1%
Red
84.7%
Green
84.4%
Light blue
82.3%
Yellow
82%
Orange
81.3%
Pink
78.8%
Brown
77.6%
Remove Ads.
Support Sporcle.
Get the best of Sporcle when you Go Orange. This ad-free experience offers more features, more stats, and more fun while also helping to support Sporcle. Thank you for becoming a member.

You're not logged in!

Compare scores with friends on all Sporcle quizzes.
OR
Log In

Show Comments

Extras

Top Quizzes Today


Score Distribution

Your Account Isn't Verified!

In order to create a playlist on Sporcle, you need to verify the email address you used during registration. Go to your Sporcle Settings to finish the process.

Report this User

Report this user for behavior that violates our Community Guidelines.

Details: